[Event "8343 - TOP20 Saison 2006-2007"]
[Site "Loire"]
[Date "2007.03.10"]
[Round "6.7"]
[White "Jedidi, Brahim"]
[Black "Pareux, Marc"]
[Result "1/2-1/2"]
[WhiteElo "1840"]
[BlackElo "1770"]
[PlyCount "108"]
[EventDate "2007.??.??"]

1. d4 g6 2. Bf4 Bg7 3. e3 d5 4. Bd3 Nf6 5. h3 c5 6. c3 Qa5 7. Nf3 Nc6 8. Nbd2
c4 9. Bc2 b5 10. a3 O-O 11. e4 e6 12. Bd6 Re8 13. e5 Nd7 14. Nh2 Qd8 15. f4 Bf8
16. Bxf8 Qh4+ 17. Ke2 Nxf8 18. Ng4 Nd7 19. Qe1 Qxe1+ 20. Rhxe1 a5 21. Ne3 Bb7
22. g4 b4 23. axb4 axb4 24. Ba4 b3 25. f5 Nb6 26. Bxc6 Bxc6 27. fxe6 fxe6 28.
g5 Ra2 29. Rxa2 bxa2 $11 30. Ra1 Ra8 31. b4 Ba4 32. Nf3 Bb3 33. Ng4 Na4 34.
Nf6+ Kg7 35. Kd2 Nb2 36. Ne1 Nd1 37. Nc2 Nf2 38. h4 h6 39. Ke2 Nh3 40. gxh6+
Kxh6 41. Ne3 Nf4+ 42. Kd2 Kg7 $11 43. Neg4 Rh8 44. b5 Rb8 45. Nd7 Rxb5 46. Ngf6
Ra5 47. Nc5 Ra8 48. Ke3 Ng2+ 49. Kf2 Nxh4 50. Nxe6+ Kf7 51. Nc7 Rd8 52. Nfxd5
Nf5 53. Nf4 Nxd4 54. cxd4 Rxd4 1/2-1/2

[Event "8343 - TOP20 Saison 2006-2007"]
[Site "Loire"]
[Date "2007.03.10"]
[Round "6.8"]
[White "Zennaf, Karim"]
[Black "Chabas, Jean-Luc"]
[Result "1-0"]
[WhiteElo "1740"]
[BlackElo "1550"]
[PlyCount "63"]
[EventDate "2007.??.??"]

1. d4 d5 2. c4 c6 3. Nc3 Nf6 4. Nf3 e6 5. Bg5 Be7 6. e3 O-O 7. cxd5 cxd5 8. Bd3
a6 9. O-O Nbd7 10. Qe2 h6 11. Bh4 Re8 12. Rfc1 Nf8 13. Rab1 Bd7 14. b4 N8h7 15.
b5 axb5 16. Nxb5 Rc8 17. Bg3 Qa5 18. Bc7 Rxc7 19. Nxc7 Rb8 20. Nd2 Bd6 21. Nb3
Qa7 22. Nb5 Bxb5 23. Bxb5 Nf8 24. a4 N8d7 25. Rc2 Rd8 26. Ra1 Qb8 27. h3 Bb4
28. Bxd7 Nxd7 29. Qb5 Bd6 30. Na5 Nf6 31. Nxb7 Bf8 32. Nxd8 1-0

[Event "8343 - TOP20 Saison 2006-2007"]
[Site "Loire"]
[Date "2007.03.10"]
[Round "6.9"]
[White "Walter, Alain"]
[Black "Bruel, Bruno"]
[Result "1/2-1/2"]
[WhiteElo "1750"]
[BlackElo "1840"]
[PlyCount "98"]
[EventDate "2007.??.??"]

1. e4 c5 2. Nf3 d6 3. d4 cxd4 4. Nxd4 Nf6 5. Nc3 a6 6. Be3 e6 7. Be2 Be7 8. Qd2
Qc7 9. g4 b5 10. f3 Bb7 11. O-O-O Nc6 12. Ncxb5 axb5 13. Nxb5 Qb8 14. Nxd6+
Bxd6 15. Qxd6 Qxd6 16. Rxd6 O-O 17. a3 Rac8 18. Kb1 Ne5 19. Rhd1 h6 20. Bf4 Nc4
21. Bxc4 Rxc4 22. Rd8 Rxd8 23. Rxd8+ Kh7 24. Be5 Kg6 25. h4 Nxg4 26. fxg4 Rxe4
27. Bg3 Rxg4 28. Rd3 f5 29. Kc1 f4 30. Bf2 Kf5 31. Kd1 Be4 32. Rc3 g5 33. hxg5
$11 Kxg5 34. Rc5+ Bf5 35. b4 Rg2 36. Ke1 h5 37. b5 h4 38. Rc8 h3 39. Rg8+ Kf6
40. Rxg2 hxg2 41. b6 Be4 42. a4 Bb7 43. Kd2 e5 44. c4 e4 45. Bg1 Ke5 46. a5 e3+
47. Kd3 Kd6 48. Bh2 Kc5 49. Bxf4 g1=Q 1/2-1/2

[Event "8343 - TOP20 Saison 2006-2007"]
[Site "Loire"]
[Date "2007.03.10"]
[Round "6.10"]
[White "Vier, Serge"]
[Black "Desassis, Jean-Francois"]
[Result "1-0"]
[WhiteElo "1710"]
[BlackElo "1570"]
[PlyCount "87"]
[EventDate "2007.??.??"]

1. d4 f5 2. Nc3 Nf6 3. Bg5 e6 4. g4 fxg4 5. e4 Be7 6. Bxf6 Bxf6 7. e5 Be7 8.
Qxg4 O-O 9. Nf3 b6 10. Rg1 Rf7 11. Bg2 c6 12. Ne4 Qf8 13. Nfg5 Rf4 14. Qg3 d5
15. exd6 Bxd6 16. Nxd6 Qxd6 17. O-O-O Qf8 18. Bh3 Rf6 19. Ne4 Rf3 20. Qg2 g6
21. Bg4 Rf4 22. Rd3 Bd7 23. Rf3 Na6 24. Rxf4 Qxf4+ 25. Kb1 Rf8 26. Be2 Nb4 27.
Qg4 Qxh2 28. Qg3 Qxg3 29. fxg3 Kg7 30. c4 b5 31. a3 Na6 32. cxb5 cxb5 33. Nc5
Nxc5 34. dxc5 Bc6 35. Bg4 e5 36. Kc2 Rf2+ 37. Kc3 Kf6 38. b4 h5 39. Rd1 Bf3 40.
Rd6+ Kg5 41. Bd7 Bg4 42. c6 Rf3+ 43. Rd3 Bxd7 44. cxd7 1-0

[Event "8343 - TOP20 Saison 2006-2007"]
[Site "Loire"]
[Date "2007.04.21"]
[Round "7.1"]
[White "Garon, Pierre"]
[Black "Massard, Christian"]
[Result "1-0"]
[WhiteElo "1912"]
[BlackElo "1890"]
[PlyCount "51"]
[EventDate "2007.??.??"]

1. d4 Nf6 2. Bf4 d5 3. Nf3 Bf5 4. c4 e6 5. Nc3 Be7 6. Qb3 b6 7. e3 Nh5 8. Be5
f6 9. Bg3 Nxg3 10. hxg3 c6 11. cxd5 exd5 12. Nh4 Qd7 13. Nxf5 Qxf5 14. Qd1 g6
15. Bd3 Qg5 16. Ne2 Bb4+ 17. Kf1 f5 18. Rc1 Qf6 19. Nf4 O-O 20. Qb3 Bd6 21.
Nxd5 Qf7 22. Bc4 Kg7 23. Nxb6 Qf6 24. Nxa8 Qg5 25. Qb7+ Kf6 26. Rxh7 1-0

[Event "8343 - TOP20 Saison 2006-2007"]
[Site "Loire"]
[Date "2007.04.21"]
[Round "7.2"]
[White "Cursoux, Gerard"]
[Black "Valet, Godeffroy"]
[Result "1/2-1/2"]
[WhiteElo "2130"]
[BlackElo "1986"]
[PlyCount "67"]
[EventDate "2007.??.??"]

1. c4 e5 2. Nc3 Nc6 3. g3 Nf6 4. Bg2 a6 5. d3 Bc5 6. e3 d6 7. Nge2 O-O 8. O-O
Ba7 9. h3 Nd7 10. e4 Nc5 11. Kh2 Ne6 12. g4 Qh4 13. Ng3 g6 14. Nd5 Ncd4 15. f4
c6 16. Nc3 exf4 17. Bxf4 Nxf4 18. Rxf4 Bb8 19. Qf1 d5 20. cxd5 g5 21. Rf3 Bxg4
22. Re3 Nc2 23. Qf2 Nxa1 24. e5 Ba7 25. Nce4 Bxe3 26. Qxe3 Bc8 27. Nf6+ Kh8 28.
Qc5 Rg8 29. Nxg8 Kxg8 30. dxc6 bxc6 31. Qxc6 Rb8 32. Qc7 Qb4 33. Qd8+ Qf8 34.
Qxg5+ 1/2-1/2

[Event "8343 - TOP20 Saison 2006-2007"]
[Site "Loire"]
[Date "2007.04.21"]
[Round "7.3"]
[White "Petit, Didier"]
[Black "Lafrechoux, Laurent"]
[Result "1-0"]
[WhiteElo "1933"]
[BlackElo "1952"]
[PlyCount "54"]
[EventDate "2007.??.??"]

1. d4 d5 2. Nf3 e6 3. Bf4 Nf6 4. e3 c5 5. c3 Qb6 6. Qb3 Bd7 7. Nbd2 Nc6 8. Ne5
Nxe5 9. Bxe5 Be7 10. Be2 O-O 11. O-O Ne8 12. Nf3 f6 13. Bg3 Nd6 14. dxc5 Qxc5
15. Bxd6 Qxd6 16. Rfd1 Qc7 17. c4 Rfc8 18. cxd5 Qc2 19. Qxb7 Qxe2 20. Qxd7 Bf8
21. Qxe6+ Kh8 22. Rd2 Qc4 23. h3 Rd8 24. b3 Qc3 25. Rad1 Bd6 26. Nd4 Be5 27.
Rc2 Rd6 1-0

[Event "8343 - TOP20 Saison 2006-2007"]
[Site "Loire"]
[Date "2007.04.21"]
[Round "7.4"]
[White "Carrot, Patrick"]
[Black "Boblin, Laurent"]
[Result "1/2-1/2"]
[WhiteElo "1840"]
[BlackElo "1880"]
[PlyCount "55"]
[EventDate "2007.??.??"]

1. e4 c6 2. d4 d5 3. Nc3 dxe4 4. Nxe4 Nd7 5. Nf3 Ngf6 6. Nc3 e6 7. Bd3 Bd6 8.
O-O O-O 9. Re1 b6 10. Bg5 Qc7 11. Qe2 Re8 12. Ne4 Nxe4 13. Qxe4 Nf8 14. Bh4 Bb7
15. Bg3 Bxg3 16. hxg3 c5 17. Qe5 Qxe5 18. Rxe5 Bxf3 19. gxf3 cxd4 20. Rd1 Rad8
21. Bb5 Re7 22. Re4 e5 23. f4 f6 24. c3 d3 25. Rxd3 Rxd3 26. Bxd3 Nd7 27. Bb5
f5 28. Re3 $11 1/2-1/2

[Event "8343 - TOP20 Saison 2006-2007"]
[Site "Loire"]
[Date "2007.04.21"]
[Round "7.5"]
[White "Guevorkian, Spartak"]
[Black "Jedidi, Brahim"]
[Result "1/2-1/2"]
[WhiteElo "1870"]
[BlackElo "1840"]
[PlyCount "91"]
[EventDate "2007.??.??"]

1. d4 d5 2. Nf3 Nf6 3. Bf4 Bg4 4. Nbd2 e6 5. e3 Ne4 6. Be2 Bd6 7. Bxd6 Nxd6 8.
c3 Nd7 9. O-O h6 10. Ne1 Bxe2 11. Qxe2 O-O 12. Nd3 f5 13. Qh5 Nf6 14. Qe2 Nfe4
15. Nf3 Nf7 16. Nfe5 Nxe5 17. Nxe5 Qe8 18. Rfc1 a6 19. c4 c6 20. c5 f4 21. f3
Qh5 22. exf4 Nf6 23. g3 Qh3 24. Qg2 Qf5 25. Qc2 Qh3 26. Re1 Rad8 27. Re3 Nd7
28. Rae1 Nxe5 29. Rxe5 Rf6 30. Qg2 Qxg2+ 31. Kxg2 Kf7 32. R5e3 Rd7 33. b4 g6
34. Rb1 Kg7 35. a4 Re7 36. b5 axb5 37. axb5 Rff7 38. Ra3 Kf6 39. bxc6 bxc6 40.
Rb6 Ra7 41. Rd3 Rfc7 42. g4 Ra2+ 43. Kg3 Re2 44. Ra3 Rd2 45. Rb4 Kf7 46. h4 $11
1/2-1/2

[Event "8343 - TOP20 Saison 2006-2007"]
[Site "Loire"]
[Date "2007.04.21"]
[Round "7.6"]
[White "Deville, Olivier"]
[Black "Zennaf, Karim"]
[Result "0-1"]
[WhiteElo "2039"]
[BlackElo "1740"]
[PlyCount "126"]
[EventDate "2007.??.??"]

1. e4 c5 2. Nf3 d6 3. d4 cxd4 4. Nxd4 Nf6 5. Nc3 a6 6. f3 e5 7. Nb3 Be6 8. Be3
Be7 9. Qd2 Nbd7 10. g4 Qc7 11. O-O-O b5 12. Kb1 Nb6 13. Bxb6 Qxb6 14. Nd5 Nxd5
15. exd5 Bd7 16. Qa5 Bd8 17. Qxb6 Bxb6 18. Nd2 f5 19. g5 Be3 20. h4 Bxd2 21.
Rxd2 $11 Rc8 22. Be2 Kf7 23. h5 Rc5 24. b4 Rc7 25. Bd3 a5 26. g6+ Kf6 27. gxh7
axb4 28. Rg2 Be8 29. Rh4 Rxh7 30. Rxb4 Rc5 31. c4 bxc4 32. Bxc4 Rxh5 33. Bb3
Rb5 34. Ra4 Rb6 35. Ra8 Bf7 36. Kc2 Rh3 37. Rf2 Rh4 38. Rc8 Rb7 39. Rc6 Rd7 40.
a4 g5 41. a5 Rd4 42. Rd2 Rf4 43. Rd3 Bh5 44. a6 Rxf3 45. Rb6 e4 46. Rxf3 exf3
47. Rb7 Rd8 48. a7 Ra8 49. Bc4 Ke5 50. Rh7 Be8 51. Kd2 Kf4 52. Ke1 Kg3 53. Kf1
Rc8 54. Re7 Rxc4 55. Rxe8 Rc1+ 56. Re1 Rxe1+ 57. Kxe1 Kg2 58. a8=Q f2+ 59. Kd2
f1=Q 60. Qg8 Qf4+ 61. Kd3 g4 62. Qf7 g3 63. Kc3 Kf2 0-1

[Event "8343 - TOP20 Saison 2006-2007"]
[Site "Loire"]
[Date "2007.04.21"]
[Round "7.7"]
[White "Pareux, Marc"]
[Black "Barnes, Pierrick"]
[Result "1/2-1/2"]
[WhiteElo "1770"]
[BlackElo "1913"]
[PlyCount "41"]
[EventDate "2007.??.??"]

1. d4 Nf6 2. f3 d5 3. e4 dxe4 4. Nc3 exf3 5. Nxf3 Bg4 6. h3 Bh5 7. g4 Bg6 8.
Ne5 e6 9. Qf3 c6 10. g5 Bh5 11. Qf2 Nfd7 12. Be2 Bg6 13. Nxg6 hxg6 14. Rf1 Qe7
15. h4 Nb6 16. Ne4 Nc8 17. Bd2 a5 18. O-O-O b6 19. Bf4 Na6 20. c4 Nc7 21. Nc3
$11 1/2-1/2

[Event "8343 - TOP20 Saison 2006-2007"]
[Site "Loire"]
[Date "2007.04.21"]
[Round "7.8"]
[White "Maestracci, Olivier"]
[Black "Vier, Serge"]
[Result "1/2-1/2"]
[WhiteElo "1560"]
[BlackElo "1710"]
[PlyCount "42"]
[EventDate "2007.??.??"]

1. e4 e6 2. d4 d5 3. Nd2 Nf6 4. e5 Nfd7 5. Bd3 c5 6. c3 Nc6 7. Ne2 Qb6 8. Nf3
cxd4 9. cxd4 Bb4+ 10. Bd2 Bxd2+ 11. Qxd2 Qb4 12. O-O Qxd2 13. Nxd2 f6 14. f4
O-O 15. a3 Nb6 16. Rac1 Bd7 17. b3 Rac8 18. Rc5 fxe5 19. fxe5 Rxf1+ 20. Kxf1
Ne7 21. Rxc8+ Nbxc8 $11 1/2-1/2

[Event "8343 - TOP20 Saison 2006-2007"]
[Site "Loire"]
[Date "2007.04.21"]
[Round "7.9"]
[White "Bruel, Bruno"]
[Black "Desassis, Jean-Francois"]
[Result "1-0"]
[WhiteElo "1840"]
[BlackElo "1570"]
[PlyCount "81"]
[EventDate "2007.??.??"]

1. d4 f5 2. c4 Nf6 3. Nc3 e6 4. Nf3 Be7 5. g3 O-O 6. Bg2 d6 7. O-O Nbd7 8. b3
c5 9. e3 e5 10. Bb2 e4 11. Nd2 Qe8 12. Nb5 Qg6 13. Nc7 Rb8 14. Ne6 Rf7 15. f3
Nh5 16. fxe4 Qxe6 17. Qxh5 Nf6 18. Qxf5 Qxf5 19. exf5 Ng4 20. Bd5 Nxe3 21.
Bxf7+ Kxf7 22. Rf3 cxd4 23. Ne4 Kg8 24. f6 Bg4 25. Rxe3 dxe3 26. fxe7 Re8 27.
Re1 e2 28. Nc3 Rxe7 29. Kf2 Rf7+ 30. Ke3 Rf1 31. Kd2 Rf2 32. Ne4 Rxh2 33. Nxd6
Bf3 34. Be5 Rh5 35. Bd4 Rh6 $11 36. Nf5 Ra6 37. Ke3 Bg4 38. Kf4 h5 39. a4 g6
40. Nh6+ Kh7 41. Nxg4 1-0

[Event "8343 - TOP20 Saison 2006-2007"]
[Site "Loire"]
[Date "2007.04.21"]
[Round "7.10"]
[White "Chabas, Jean-Luc"]
[Black "Walter, Alain"]
[Result "0-1"]
[WhiteElo "1550"]
[BlackElo "1750"]
[PlyCount "106"]
[EventDate "2007.??.??"]

1. e4 e5 2. Nf3 Nc6 3. Bb5 a6 4. Ba4 Nf6 5. O-O Be7 6. Re1 d6 7. c3 O-O 8. h3
h6 9. d4 b5 10. Bc2 Bb7 11. Nbd2 Re8 12. Nf1 Bf8 13. Ng3 Na5 14. b3 c5 15. dxe5
dxe5 16. Bb2 c4 17. Qe2 Qc7 18. b4 Nc6 19. Rad1 Rad8 20. Bc1 Rxd1 21. Rxd1 Rd8
22. Be3 Rxd1+ 23. Qxd1 Qd7 24. Qc1 Kh7 25. a4 Ng8 26. a5 f6 27. Qd2 Qxd2 28.
Nxd2 g6 29. Kf1 Bd6 30. f3 Nge7 31. Bf2 Nc8 32. Ke2 Nxb4 33. Kd1 Nc6 34. Ne2
Nxa5 35. Kc1 Nc6 36. Kb2 Kg7 37. Nc1 Bc7 38. Bb1 Bb6 39. Bxb6 Nxb6 40. Bc2 Kf7
41. Nf1 Bc8 42. Ne3 Be6 43. Na2 Ke7 44. Ka3 a5 45. Bd1 Kd6 46. Be2 Kc5 47. Kb2
b4 48. cxb4+ axb4 49. Nc1 c3+ 50. Kb1 Nd4 51. Bd1 Bc4 52. g3 b3 53. h4 b2 0-1